Szczegóły MARC21

Prawo przewozowe : zbiór przepisów /

003 -Nazwa inst., której nr kontr. jest w polu 001 [,]
    • @
    • Nazwa instytucji, której n kontrolny jest w polu 001
    • NUKAT
005 -DATA I CZAS OSTATNIEJ MODYFIKACJI [,]
    • @
    • pole kontrolne
    • 20241231092513.0
020 -Międzynarod. znormalizowany nr książki - ISBN [ , ]
    • a
    • Numer ISBN
    • 8386093331 Find
040 -Instytucja sporządzająca opis [ , ]
    • a
    • Instytucja, która sporządziła opis (NP)
    • KR U/IN
    • c
    • Instytucja, która sporządziła rekord (NP)
    • KR U/IN
    • d
    • Instytucja, która zmodyfikowała rekord (P)
    • KR U/16ZL
    • d
    • Instytucja, która zmodyfikowała rekord (P)
    • Ł U/AG
942 -Rodzaj dokumentu [ , ]
    • c
    • Rodzaj dokumentu
    • Książka
245 -Strefa tytułu i oznaczenia odpowiedzialności [0,0]
    • a
    • Tytuł
    • Prawo przewozowe : Find
    • b
    • Ciąg dalszy tytułu (NP)
    • zbiór przepisów / Find
    • c
    • Pozostałe elementy strefy tytułu i oznaczenia odpowiedzialności (NP)
    • oprac. Piotr Bielski.
250 -Strefa wydania [ , ]
    • a
    • Oznaczenie wydania (NP)
    • Stan prawny na dzień 28 listopada 1994 r.
260 -Strefa adresu wydawniczego [ , ]
    • a
    • Miejsce wydania (P)
    • Sopot :
    • b
    • Nazwa wydawcy (P)
    • Wydawnictwo Prawnicze "Lex",
    • c
    • Data wydania (P)
    • cop. 1994.
300 -Strefa opisu fizycznego [ , ]
    • a
    • Określenie formy książki i/lub objętość (NP)
    • 170 s. ;
    • c
    • Format (NP)
    • 21 cm.
336 -Typ zawartości [ , ]
    • a
    • Termin opisujący typ zawartości
    • Tekst
    • b
    • Kod określający zawartość
    • txt
    • 2
    • Źródło (terminu i kodu)
    • rdacontent
337 -Typ mediów [ , ]
    • a
    • Tryb odtwarzania
    • Bez urządzenia pośredniczącego
    • b
    • Kod typu mediów
    • n
    • 2
    • Źródło (terminu i kodu)
    • rdamedia
338 -Typ/rodzaj nośnika [ , ]
    • a
    • Hasło opisujące typ nośnika
    • Wolumin
    • b
    • Kod typu nośnika
    • nc
    • 2
    • Źródło (terminu i kodu)
    • rdacarrier
490 -Strefa serii i książki wielotomowej - forma nie do wyszukiwania [1, ]
    • a
    • Tytuł (P)
    • Zbiory Przepisów Find
830 -Hasło dodatkowe serii i opisu książki wielotomowej - tytuł ujednolicony/tytuł [ ,0]
    • a
    • Tytuł ujednolicony/tytuł (NP)
    • Zbiory Przepisów
    • 9
    • KHW
    • 53204
080 -Uniwersalna Klasyfikacja Dziesiętna [ , ]
    • a
    • Symbol klasyfikacji
    • 351.81
    • 2
    • Identyfikator wydania tablic
    • UDC-P058
    • 9
    • UKD
    • 3645
    • b
    • Dopowiedzenie
    • Nadzór nad komunikacją, łącznością i transportem. Ruch drogowy, kolejowy, lotniczy i wodny. Zarządzenia dotyczące ulic i mostów. Oświetlenie ulic. Sygnalizacja świetlna. Nadzór nad pojazdami. Kontrola stanu technicznego pojazdów. Służby ruchu lotniczego. Prawo pocztowe. Nadzór nad telekomunikacją.
    • 4
    • UKD2
    • 7642
    • x
    • Poddział wspólny
    • (438)
    • c
    • Dopowiedzenie poddz. wspólnego
    • (Polska).
    • 4
    • UKD2
    • 8267
    • x
    • Poddział wspólny
    • (094.4)
    • c
    • Dopowiedzenie poddz. wspólnego
    • (Teksty prawne. Kodeksy. Zbiory ustaw).
650 -Hasło przedmiotowe [ ,7]
    • a
    • Hasło przedmiotowe
    • Transport
    • x
    • Określnik rzeczowy
    • prawo
    • z
    • Określnik geograficzny
    • Polska
    • x
    • Określnik rzeczowy
    • legislacja.
    • 2
    • Źródło terminu
    • kaba
    • 9
    • KHW
    • 351468
980 -Symbol UKD [ , ]
    • a
    • UKD
    • 351.81(438)(094.4)
700 -Hasło dodatkowe - nazwa osobowa [1, ]
    • a
    • Nazwa osobowa (NP)
    • Bielski, Piotr Find
    • d
    • Daty biograficzne (NP)
    • (1963- ).
    • e
    • Określenie rodzaju współpracy
    • Oprac.
    • 9
    • KHW
    • 85705
710 -Hasło dodatkowe - nazwa ciała zbiorowego [2, ]
    • a
    • Nazwa ciała zbiorowego lub nazwa geograficzna jako pierwszy element (NP)
    • Wydawnictwo Prawnicze Lex.
    • 4
    • Kod relacji
    • pbl
    • 9
    • KHW
    • 54768
920 -ISBN [ , ]
    • a
    • ISBN
    • 83-86093-33-1 Find
Status udost. Numer inwentarzowy Sygnatura Lokalizacja Data inwentaryzacji
-2E.62947 BE1995-11-08
1SA.6551SA.6551BSA1995-11-08
-3TS.80971TS.80971T1997-10-01